Score 0/7 Timer 03:00
0 Plays Today
Question Answer Wrong Answers
An earthquake in this Jamaican capital city leaves over 10,000 homeless.
1907
Kingston
91.9%
Nassau
4%
St. John's
1.8%
San Juan
2.3%
This singer's 'Aloha from Hawaii' concert is broadcast live via satellite, becoming the most watched broadcast by an individual entertainer in TV history.
1973
Elvis Presley
90.8%
Elton John
3.5%
John Lennon
2.1%
Marvin Gaye
1.8%
US President Jimmy Carter pledges his support for a bill that would create this national holiday.
1979
Martin Luther King Jr. Day
88.5%
Memorial Day
3.4%
Labor Day
4.8%
Columbus Day
1.6%
This English actor, best remembered for the roles of Hans Gruber & Severus Snape, dies in London at the age of 69.
2016
Alan Rickman
87.3%
Richard Harris
5.9%
Hugh O'Brian
1.2%
Christopher Lee
3.7%
This team wins Super Bowl II, repeating as champion after also winning the first Super Bowl in 1967.
1968
Green Bay Packers
74.9%
Oakland Raiders
5.6%
New York Jets
12.8%
Kansas City Chiefs
5.1%
This American rapper, whose hits include 'Mama Said Knock You Out' and 'Hey Lover', is born in Bay Shore, New York.
1968
LL Cool J
64.6%
MC Hammer
14.6%
Ice Cube
17.7%
Scarface
2.1%
The South Pole expedition led by this explorer makes landfall on the eastern edge of the Ross Ice Shelf.
1911
Roald Amundsen
47.9%
Edmund Hillary
16.2%
Ernest Shackleton
20.9%
Robert Peary
14.5%
Remove Ads.
Support Sporcle.
Get the best of Sporcle when you Go Orange. This ad-free experience offers more features, more stats, and more fun while also helping to support Sporcle. Thank you for becoming a member.

You're not logged in!

Compare scores with friends on all Sporcle quizzes.
OR
Log In

Show Comments

Extras

Top Quizzes Today


Score Distribution

Your Account Isn't Verified!

In order to create a playlist on Sporcle, you need to verify the email address you used during registration. Go to your Sporcle Settings to finish the process.

Report this User

Report this user for behavior that violates our Community Guidelines.

Details: